Лекции по общей психологии: учебное пособие для студентов высших учебных заведений

Bibliographische Detailangaben
1. Verfasser: Давыдов В. В. Василий Васильевич
Zusammenfassung:В.В.Давыдов (1930—1998) — выдающийся российский психолог, создатель теории и практики развивающего образования в России. Лекции, прочитанные им 20 лет назад, публикуются впервые. В них представлена оригинальная трактовка многих психических процессов (памяти, сознания, мышления и др.), а также личности. Яркая форма изложения, живой, образный и доступный язык помогают читателю разобраться в достаточно сложных проблемах курса общей психологии.Для студентов и аспирантов психологических факультетов вузов. Книга может быть полезна психологам, специализирующимся в области образования, а также педагогам.
Sprache:Russisch
Veröffentlicht: Москва, Академия, 2008
Ausgabe:3-е изд., стер.
Schriftenreihe:Высшее профессиональное образование. Психология
Schlagworte:
Format: MixedMaterials Buch
KOHA link:https://koha.lib.tpu.ru/cgi-bin/koha/opac-detail.pl?biblionumber=157064

MARC

LEADER 00000nam0a2200000 4500
001 157064
005 20231101221936.0
010 |a 9785769554759 
035 |a (RuTPU)RU\TPU\book\170348 
035 |a RU\TPU\book\148281 
090 |a 157064 
100 |a 20090403d2008 m y0rusy50 ca 
101 0 |a rus 
102 |a RU 
105 |a a j 000zy 
200 1 |a Лекции по общей психологии  |e учебное пособие для студентов высших учебных заведений  |f В. В. Давыдов 
205 |a 3-е изд., стер. 
210 |a Москва  |c Академия  |d 2008 
215 |a 176 с.  |c ил. 
225 1 |a Высшее профессиональное образование. Психология 
330 |a В.В.Давыдов (1930—1998) — выдающийся российский психолог, создатель теории и практики развивающего образования в России. Лекции, прочитанные им 20 лет назад, публикуются впервые. В них представлена оригинальная трактовка многих психических процессов (памяти, сознания, мышления и др.), а также личности. Яркая форма изложения, живой, образный и доступный язык помогают читателю разобраться в достаточно сложных проблемах курса общей психологии.Для студентов и аспирантов психологических факультетов вузов. Книга может быть полезна психологам, специализирующимся в области образования, а также педагогам. 
451 1 |0 (RuTPU)RU\TPU\book\148281  |y 978-5-7695-4640-2  |t Лекции по общей психологии  |o учебное пособие для студентов высших учебных заведений  |f В. В. Давыдов  |e 2-е изд., стер.  |c М.  |n Академия  |d 2008  |p 176 с.  |s Высшее профессиональное образование. Психология  |a Давыдов, Василий Васильевич 
606 1 |a Психология общая  |2 stltpush  |3 (RuTPU)RU\TPU\subj\53137  |9 71487 
610 1 |a психика 
610 1 |a труд 
610 1 |a деятельность 
610 1 |a человек 
610 1 |a восприятие 
610 1 |a память 
610 1 |a мышление 
610 1 |a личность 
610 1 |a творчество 
610 1 |a воображение 
610 1 |a чувства 
610 1 |a учебные пособия 
686 |a Ю93я73  |v LBC/SL-A  |2 rubbk 
700 1 |a Давыдов  |b В. В.  |g Василий Васильевич 
801 1 |a RU  |b 63413507  |c 20080428  |g PSBO 
801 2 |a RU  |b 63413507  |c 20120110  |g PSBO 
900 |a Психология 
942 |c BK 
959 |a 47/20080428  |d 2  |e 161,00  |f АНЛ:1  |f ЧЗГЛ:1 
959 |a 82/20080924  |d 1  |e 161,00  |f АНЛ:1